000 01169cam a2200193 4500
001 247
005 20230410123514.0
008 060907n1999 dr spa
035 _9funglode248
041 _aES
050 1 4 _aKGQ 2800
_bG216m 1999
100 1 _aGarcía de Peña, Luis V.
245 1 _aManual de Derecho Judicial privado :
_bLos embargos /
_cL. V. García de Peña
260 _aSanto Domingo :
_bUniversidad Iberoamericana (UNIBE),
_c1999
300 _aix, 102 p.
440 0 _aColección de Textos universitarios ;
_vvol. 21
520 _aEmbargo conservatorio general, 2. -- Otros embargos conservatorios, 6. -- El embargo retentivo, 14. -- Efectos e incidentes del embargo, 22. -- Embargo ejecutivo, 28. -- Variedades de embargos ejecutorios, 38. -- Embargo inmobiliario, 52. -- Seguridad real conservatoria, 53. -- Embargo inmobiliario de derecho común, 56. -- Procedimiento del embargo, 60. -- La venta, 64. -- Procedimiento de la subasta, 68. -- Incidentes del embargo, 73. -- Los medios de nulidad, 77. -- Embargo inmobiliario abreviado, 84. -- Distribución del precio entre los acreedores, 90. -- Ejecución del orden, 97
942 _2lcc
_cbk
999 _c62810
_d62810